Mecánica Vectorial para Ingenieros Est tica / Ferdinand P. Beer, E. Russell Johnston jr., Elliot R. Eisenberg (Registro nro. 19300)

Detalles MARC
000 -LÍDER
fixed length control field 00621nam a2200169 4500
008 - ELEMENTOS DE LONGITUD FIJA -- INFORMACIÓN GENERAL
fixed length control field 0 2005 0a 000 0Mex
020 ## - NÚMERO INTERNACIONAL NORMALIZADO PARA LIBROS
ISBN 970-10-4469-X
050 ## - SIGNATURA TOPOGRAFICA DE LA BIBLIOTECA DEL CONGRESO (LC)
Número de Clasificación TA350 B4418 2005
082 ## - NUMERO DE CLASIFICACION DECIMAL DEWEY
Número de Clasificación 620.103 B149m
100 ## - ASIENTO PRINCIPAL--NOMBRE PERSONAL
Nombre personal Beer, Ferdinand P.
245 ## - TÍTULO
Título Mecánica Vectorial para Ingenieros Est tica / Ferdinand P. Beer, E. Russell Johnston jr., Elliot R. Eisenberg
250 ## - MENCIÓN DE EDICIÓN
Mención de edición 7
260 ## - PUBLICACIÓN, DISTRIBUCIÓN, ETC. (PIE DE IMPRENTA)
Lugar de publicación, distribución, etc. México : Mcgraw-Hill
300 ## - DESCRIPCIÓN FÍSICA
Extensión 623 p. / 27 cm.
650 ## - ASIENTO SECUNDARIO DE MATERIA - TERMINO TEMÁTICO
Término temático o nombre geográfico como elemento de entrada 1. ESTATICA \ 2. MECANICA APLICADA \ 3. ANALISIS VECTORIAL
700 ## - ASIENTO SECUNDARIO - NOMBRE PERSONAL
Nombre personal I. Johnston, E. Russell, jr., coaut. \ II. Eisenberg, Elliot R., coaut.
Existencias
No. biblioteca No. biblioteca Número de clasificación Código de barras/Número de adquisición Número de copia Tipo de material
LUIS G. INCLAN LUIS G. INCLAN 620.103 B149m 46432 1 Libros
LUIS G. INCLAN LUIS G. INCLAN 620.103 B149m 35833 2 Libros
LUIS G. INCLAN LUIS G. INCLAN 620.103 B149m 47851 3 Libros
LUIS G. INCLAN LUIS G. INCLAN 620.103 B149m 48024 4 Libros
ÁREA DE ELECTROMECÁNICA LUIS G. INCLAN 620.103 B149m 50564 6 Libros
Calzada Tecnológico # 27, Zacatepec, Morelos.
01(734) 343-07-23 / 343-21-10 / 343-21-11
Apdo. Postal 45 C.P 62780